| 000 | 01164nam a22002417a 4500 | ||
|---|---|---|---|
| 005 | 2011062709329.0 | ||
| 008 | 110627t xxu||||| |||| 00| 0 mar d | ||
| 010 | _aMAR-21026 | ||
| 020 |
_c125.00 _a9789380700328 |
||
| 035 | _aMR-13684 | ||
| 037 | _bDBAD/PUB | ||
| 040 |
_aDPL _bMR |
||
| 082 | _a891.46301 | ||
| 100 |
_928800 _aउदय प्रकाश |
||
| 245 |
_a...आणि शेवटी प्रार्थना / _cउदय प्रकाश : आनंद थत्ते द्वारा अनुवादित |
||
| 246 |
_a..Aani Shewati Prathana _bby Uday Prakash |
||
| 260 |
_aमुबंई _bलोकवाड्.मय गृह _c2011 |
||
| 270 |
_aबूपेश गुप्ता भवन, 85 सयानी रोड प्रभादेवी _bमुबंई _e400025 |
||
| 300 |
_aआठ,87पृ _b21सेमी(अजिल्द) |
||
| 700 |
_aथत्ते,आनंद _929201 |
||
| 942 |
_2ddc _cMR _h891.46301 _mउदय |
||
| 999 |
_c53624 _d53624 |
||